000 01094cam a2200361 i 4500
001 0000812
003 DO-SdBPM
005 20251212122605.0
007 ta
008 100514s 2009 mx a | |||| 000 f spa
015 _a
017 _a
_b
020 _a9786071100979
035 _a
040 _aDO-SdBPM
_bspa
_cBPMSU
_e rda
080 _a
082 4 _a813.5
_bW453e 2009
_222
100 1 _aWells, Rosemary
_d1943-
_4aut.
_eautor
245 1 3 _aLa estupenda mamá de Roberta /
_cRosemary Wells
_h
264 _aMéxico :
_bAlfaguara,
_c2009.
300 _a56 páginas :
_bilustraciones ;
_c19 m
336 _atexto
_btxt
_2rdacontent
337 _asin mediación
_bn
_2rdamedia
338 _avolumen
_bnc
_2rdacarrier
490 0 _aAlfaguara infantil ;
_aAmarilla
500 _aIncluye datos biográficos del autor
521 _aA partir de 6 años.
534 _pTítulo original.
_tHazel's amazing mother.
590 _aInventariado, 2025/VM
650 7 _aCuentos infantiles estadounidenses.
910 _aVMateo V. Control de calidad BPMSU
942 _2ddc
_cBK
999 _c11921
_d11921